00664nam a2200181 a 450000100100000000500170001000800410002704000250006808200160009310000450010924500740015424600610022826000330028930000200032204900090034295201140035199900170046500003212720200930063443.0110712s2004 dr 000 spa d aDO-SdBNPbspacBNPHU axxxxbL579c1 aLeón Marte, Pedro decRenovador95824210a45 años buscando el título de un libro. /cPedro de León Marte.10aCuarenta y cinco años buscando el título de un libro a[s. l.] :b[s. n.],c[197?]. a70 p. ;c21 cm. aBNPD 0010718PDaPDbPDcCTd2011-07-12iLF1l0oxxxx L579cp32127-10r2020-06-25w2020-06-25yLFPDZNo se presta c31618d31618